Managing human resources / (Record no. 40291)

MARC details
000 -LEADER
fixed length control field 00891nam a22002537a 4500
005 - DATE AND TIME OF LATEST TRANSACTION
control field 20100809112513.0
010 ## - LCCN (DPL NO)
LC control number ENG-98998
020 ## - INTERNATIONAL STANDARD BOOK NUMBER
International Standard Book Number 9788120341227
Terms of availability 550.00
035 ## - SYSTEM CONTROL NUMBER
System control number EN-82530
037 ## - SOURCE OF ACQUISITION
Source of stock number/acquisition DBAD/PUB
082 ## - DEWEY DECIMAL CLASSIFICATION NUMBER
Classification number 658.3
100 ## - MAIN ENTRY--PERSONAL NAME
Personal name Mejia, Luis R. Gomez
245 m# - TITLE STATEMENT
Title Managing human resources /
Statement of responsibility, etc by Luis R. Gomez, David B. Balkin [and] Robert L. Cardy
250 ## - EDITION STATEMENT
Edition statement 6th ed
260 ## - PUBLICATION, DISTRIBUTION, ETC. (IMPRINT)
Place of publication, distribution, etc New Delhi
Name of publisher, distributor, etc PHI Learning
Date of publication, distribution, etc 2010
270 ## - ADDRESS
Address M-97, Connaught Circus,
City New Delhi
Postal code 110001
300 ## - PHYSICAL DESCRIPTION
Extent xxviii, 654p.:
Dimensions 28cm (pbk)
Other physical details ill
500 ## - GENERAL NOTE
General note Includes index
650 ## - SUBJECT ADDED ENTRY--TOPICAL TERM
Topical term or geographic name as entry element Personal managment
700 ## - ADDED ENTRY--PERSONAL NAME
Personal name Balkin, David B.
9 (RLIN) 9178
700 ## - ADDED ENTRY--PERSONAL NAME
Personal name Cardy, Robert L.
9 (RLIN) 9179
942 ## - ADDED ENTRY ELEMENTS (KOHA)
Source of classification or shelving scheme Dewey Decimal Classification
Item type English Books
Classification part 658.3
Call number suffix MEJ
Holdings
Withdrawn status Lost status Not for loan Collection code Home library Current library Date acquired Source of acquisition Cost, normal purchase price Full call number Barcode Copy number Cost, replacement price Koha item type
    Not For Loan Non-fiction D.B.Act.Division D.B.Act.Division 09/08/2010 DBAD/PUB 550.00 658.3 MEJ EN-82530 1 550.00 English Books

© Delhi Public Library
Hit Counter
free hit counter